000 00506nam a2200181Ia 4500
003 GCL
008 140319s9999 xx 000 0 ara d
040 _aGCL /
_cGCL
082 0 4 _a811.9
_bا ه \\=aاسامة عبدالرحمنv
245 1 0 _aهل من محيص: شعر
260 _a[S.N] :
_bدار الشباب للنشر ،
_c1988
300 _a143 ص
490 _a
650 0 4 _aالشعر العربى
650 0 4 _aالعصر الحديث
650 0 4 _aالمجموعات
942 _2ddc
_cBK
999 _c32795
_d32795